[Event "Kastoria op 1st"]
[Site "Kastoria"]
[Date "1996.07.24"]
[Round "8.16"]
[White "Xonidis, Georgios"]
[Black "Botsaris, Harry Dimitris"]
[Result "0-1"]
[WhiteElo "1587"]
[BlackElo "2180"]
[PlyCount "28"]
[EventDate "1996.07.17"]
[EventType "swiss"]
[EventRounds "9"]
[EventCountry "GRE"]
[SourceTitle "EXT 2024"]
[Source "ChessBase"]
[SourceDate "2023.10.10"]
[SourceVersion "1"]
[SourceVersionDate "2023.10.10"]
[SourceQuality "1"]

1. d4 Nf6 2. c3 d5 3. e3 Bf5 4. Nd2 e6 5. Ngf3 Bd6 6. Ne5 Bxe5 7. dxe5 Ng4 8. Nf3 Nd7 9. Qd4 c5 10. Qf4 Qc7 11. Bb5 0-0-0 12. Bxd7+ Rxd7 13. Nh4 Nxe5 14. 0-0 Bg6 0-1